Minecraft Loot: Ruined Portal - Statistics

General Stats
  • This quiz has been taken 70 times
  • The average score is 17 of 26
Answer Stats
Pool Item Stack Size Weight % Correct
Pool 1(4-8) Flint 1-4 10%
89%
Pool 1(4-8) Golden Sword 1 3.8%
89%
Pool 1(4-8) Golden Pickaxe 1 3.8%
88%
Pool 1(4-8) Obsidian 1-2 10%
88%
Pool 1(4-8) Golden Axe 1 3.8%
86%
Pool 1(4-8) Gold Nugget 4-24 3.8%
86%
Pool 1(4-8) Gold Ingot 2-8 1.3%
84%
Pool 1(4-8) Flint and Steel 1 10%
82%
Pool 1(4-8) Golden Hoe 1 3.8%
80%
Pool 1(4-8) Iron Nugget 9-18 10%
80%
Pool 1(4-8) Golden Chestplate 1 3.8%
79%
Pool 1(4-8) Golden Helmet 1 3.8%
79%
Pool 1(4-8) Golden Boots 1 3.8%
77%
Pool 1(4-8) Golden Shovel 1 3.8%
77%
Pool 1(4-8) Golden Leggings 1 3.8%
73%
Pool 1(4-8) Golden Apple 1 3.8%
71%
Pool 1(4-8) Enchanted Golden Apple 1 0.3%
64%
Pool 1(4-8) Fire Charge 1 10%
61%
Pool 1(4-8) Block of Gold 1-2 0.3%
57%
Pool 1(4-8) Golden Carrot 4-12 1.3%
54%
Pool 1(4-8) Golden Horse Armor 1 1.3%
48%
Pool 2(1) Lodestone 1-2 67%
45%
Pool 1(4-8) Clock 1 1.3%
34%
Pool 1(4-8) Bell 1 0.3%
27%
Pool 1(4-8) Glistering Melon Slice 1 1.3%
21%
Pool 1(4-8) Light Weighted Pressure Plate 1 1.3%
16%
No matching quizzes found
Score Distribution
Percent of People with Each Score
Percentile by Number Answered
Your Score History
You have not taken this quiz